00739nam a22002057a 450000500170000001000150001702000260003203500130005803700130007108200160008410000260010024500660012626000400019227000510023230000240028350000500030794200300035799900170038795201290040420140725155629.0 aENG-110011 c495.00a9788188865352 aEN-93544 bDBAD/PUB a658.3140954 aSamantaray, Sudhir K.00aEmpowerment :cby Sudhir K. SamantaraybIndian perspectives / aDelhibGagandeep Publicationsc2013 a212, Krishna Gali No.2, MaujpurbDelhie110053 ax,142p. c23cm(Hb) aIncludes bibliographical references and index 2ddccENmSAMh658.3140954 c84266d84266 001040718NFICaDBADbDBADd2014-05-15eDBAD/PUBg495.00l0o658.3140954 SAMpEN-93544r2014-05-15 00:00:00t1v495.00yEN